000
00301nam a22001217a 4500
008
260423b |||||||| |||| 00| 0 eng d
082
_a
001282
100
_a
Pushpendra Kumar
245
_a
Natyashastra
_n
Vol 1-4
260
_a
Delhi
_b
New Bharatiya Book Corporation
_c
2019
300
_a
2080
942
_2
ddc
999
_c
1283
_d
1283